ARLA members survey of the buy to let sector (Record no. 108510)
[ view plain ]
| 000 -LEADER | |
|---|---|
| fixed length control field | 01579cad a22002175a 4500 |
| 001 - CONTROL NUMBER | |
| control field | L144435 |
| 008 - FIXED-LENGTH DATA ELEMENTS--GENERAL INFORMATION | |
| fixed length control field | 080401s2008 xxk f 000 0 eng d |
| 035 ## - SYSTEM CONTROL NUMBER | |
| System control number | (Sirsi) u144435 |
| 041 0# - LANGUAGE CODE | |
| Language code of text/sound track or separate title | eng |
| 050 04 - LIBRARY OF CONGRESS CALL NUMBER | |
| Classification number | 346.4104342 $2 18 |
| 110 2# - MAIN ENTRY--CORPORATE NAME | |
| Corporate name or jurisdiction name as entry element | Association of Residential Letting Agents |
| 9 (RLIN) | 3020 |
| 245 00 - TITLE STATEMENT | |
| Title | ARLA members survey of the buy to let sector |
| Remainder of title | second quarter 2008 |
| Medium | [electronic resource] |
| 260 ## - PUBLICATION, DISTRIBUTION, ETC. | |
| Place of publication, distribution, etc. | Warwick |
| Name of publisher, distributor, etc. | ARLA |
| Date of publication, distribution, etc. | 2008 |
| 520 ## - SUMMARY, ETC. | |
| Summary, etc. | Presents an ARLA survey based on 439 responses from letting agents and 288 responses from investor landlords received in early 2008. Overall average capital asset value of rented houses has fallen by 2.4% over the last three months as a result of falls of 2.4% for those managing properties in Prime Central London, 1.0% in the Rest of the South and 5.1% in the rest of the UK. Over the same period the average value of rented flats throughout the country fell by 2.7% as a result of falls of 3.0% in Prime Central London and 8.1% in the rest of the UK. Conversely, the average value of rented flats in the rest of the South East rose by 0.9%.. Only 5% of respondents reported that landlords are buying more properties, a drop from the first quarter result of 7%. There is continuing ignorance of tenancy deposit protection among both landlords and tenants. |
| 521 2# - TARGET AUDIENCE NOTE | |
| Target audience note | Advanced |
| 590 ## - LOCAL NOTE (RLIN) | |
| Local note | KA |
| 651 #4 - SUBJECT ADDED ENTRY--GEOGRAPHIC NAME | |
| Geographic name | United Kingdom |
| Chronological subdivision | |
| 690 ## - LOCAL SUBJECT ADDED ENTRY--TOPICAL TERM (OCLC, RLIN) | |
| Topical term or geographic name as entry element | PROPERTY-RESIDENTIAL PROPERTY-RESIDENTIAL PROPERTY MARKET |
| 856 40 - ELECTRONIC LOCATION AND ACCESS | |
| Uniform Resource Identifier | <a href="https://www.arla.co.uk/btl/arlaindices_q208.htm">https://www.arla.co.uk/btl/arlaindices_q208.htm</a> |
| Public note | View the item free of charge at www.arla.co.uk... |
| 942 ## - ADDED ENTRY ELEMENTS (KOHA) | |
| Suppress in OPAC | 0 |
| Withdrawn status | Lost status | Source of classification or shelving scheme | Damaged status | Not for loan | Home library | Current library | Shelving location | Date acquired | Total Checkouts | Full call number | Barcode | Date last seen | Copy number | Price effective from | Koha item type |
|---|---|---|---|---|---|---|---|---|---|---|---|---|---|---|---|
| Dewey Decimal Classification | Virtual | Virtual | Online | 21/07/2008 | ONLINE PUBLICATION | 144435-1001 | 06/08/2019 | 1 | 06/08/2019 | Book |